مكتبة جامعة عجلون الوطنية

فهرس بحث المكتبة

Normal view MARC view
  • سلامة، عادل ابو العز

Entry Personal Name

Number of records used in: 1

001 - CONTROL NUMBER

  • control field: 41656

003 - CONTROL NUMBER IDENTIFIER

  • control field: JO-AjAnu

005 - DATE AND TIME OF LATEST TRANSACTION

  • control field: 20230606080922.0

008 - FIXED-LENGTH DATA ELEMENTS

  • fixed length control field: 230606|| aca||aabn | a|a d

040 ## - CATALOGING SOURCE

  • Original cataloging agency: JO-AjAnu
  • Transcribing agency: JO-AjAnu

100 ## - HEADING--PERSONAL NAME

  • Personal name: سلامة، عادل ابو العز

670 ## - SOURCE DATA FOUND

  • Source citation: Work cat.: (JO-AjAnu)21344: سلامة، عادل ابو العز, author, طرائق تدريس العلوم ودورها في تنمية التفكير